Normal view MARC view
  • STUDY COMMITTEE,PHYSICAL SCIENCE

Entry Personal Name

Number of records used in: 1

001 - CONTROL NUMBER

  • control field: 131965

003 - CONTROL NUMBER IDENTIFIER

  • control field: NUST

005 - DATE AND TIME OF LATEST TRANSACTION

  • control field: 20251120105032.0

008 - FIXED-LENGTH DATA ELEMENTS

  • fixed length control field: 251120|| aca||aabn | a|a d

040 ## - CATALOGING SOURCE

  • Original cataloging agency: NUST
  • Transcribing agency: NUST

100 ## - HEADING--PERSONAL NAME

  • Personal name: STUDY COMMITTEE,PHYSICAL SCIENCE

670 ## - SOURCE DATA FOUND

  • Source citation: Work cat.: (NUST): STUDY COMMITTEE,PHYSICAL SCIENCE., PHYSICS :TEACHER'S RESOURCE BOOK AND GUIDE PART 1 /, 1965.
© 2023 Central Library, National University of Sciences and Technology. All Rights Reserved.